| 000 | 00795nam a2200217 i 4500 | ||
|---|---|---|---|
| 001 | 46365 | ||
| 003 | ES-MaACL | ||
| 005 | 20250820063034.0 | ||
| 007 | t| | ||
| 008 | 030328s1889 sp ||||1| spa d | ||
| 080 | _a821.134.2-96"18" | ||
| 100 | 1 |
_aComenge y Ferrer, Luis, _d1854-1916 _9126554 |
|
| 245 | 1 | 0 |
_aMédicos de ogaño : _b(memorias de Toñuelo Cañamares) / _cpor Luis Comenge Ferrer. |
| 260 |
_aBarcelona : _b[s.n., _c1889] ( _fTipolitogr. de los Sucesores de N. Ramírez y Cª) |
||
| 300 |
_aVIII, 86 p. ; _c23 cm. |
||
| 530 | _aDisponible en formato digital. | ||
| 650 | 4 |
_aMedicina- _vMisceláneas. _9170607 |
|
| 852 |
_aES-MaACL _jT-528-F-4 |
||
| 856 |
_uhttp://bdh-rd.bne.es/viewer.vm?id=0000059328&page=1 _zBiblioteca Digital Hispánica |
||
| 999 |
_c46365 _d46365 |
||